[Event "Romanian Open"]
[Site "Predeal ROM"]
[Date "2007.08.18"]
[Round "9"]
[White "Peptan,C"]
[Black "Lupulescu,C"]
[Result "0-1"]
[WhiteElo "2411"]
[BlackElo "2574"]

1.e4 c5 2.Nf3 d6 3.d4 cxd4 4.Nxd4 Nf6 5.Nc3 Nc6 6.Bg5 e6 7.Qd2 a6 8.O-O-O Bd7
9.f4 b5 10.Bxf6 gxf6 11.Nxc6 Bxc6 12.Qe1 Ra7 13.Bd3 Qb6 14.Kb1 a5 15.Qh4 Be7
16.f5 b4 17.Ne2 e5 18.Bc4 Qc5 19.Bd5 a4 20.Nc1 Bxd5 21.Rxd5 Qc4 22.b3 Qa6
23.Qe1 Rb7 24.Nd3 O-O 25.Rf1 axb3 26.cxb3 Ra8 27.Qd2 Bf8 28.Rf2 Rc8 29.g4 Rbc7
30.g5 Kh8 31.Rg2 Rc2 32.Qxc2 Rxc2 33.Rxc2 fxg5 34.f6 h5 35.Rc4 Bh6 36.Nxb4 Qb6
37.Rd2 Qg1+ 38.Kb2 g4 39.Re2 Qd1 40.Rec2 h4 41.Nd5 g3 42.hxg3 hxg3 43.R4c3 Qg4
44.Rg2 Bf4 45.Rcc2 Qd1 46.Nc3 Qd4 47.Rce2 Kh7 48.Kc2 Kg6 49.Nd5 Kg5 50.a4 Kg4
51.Nc3 Kf3 52.Nd5 Bg5 53.Nc3 Be3 54.b4 Bf2 55.Rxg3+ Kxg3 56.b5 Qc4  0-1

[Event "17th Chess Festival"]
[Site "Abu Dhabi UAE"]
[Date "2007.08.19"]
[Round "8"]
[White "Ganguly,S"]
[Black "Jankovic,A"]
[Result "1-0"]
[WhiteElo "2586"]
[BlackElo "2536"]

1.e4 c5 2.Nf3 Nc6 3.d4 cxd4 4.Nxd4 Nf6 5.Nc3 d6 6.Bg5 e6 7.Qd2 a6 8.O-O-O Bd7
9.f4 b5 10.Bxf6 gxf6 11.Nxc6 Bxc6 12.Bd3 b4 13.Ne2 Qb6 14.Rhe1 h5 15.Bc4 Bxe4
16.Nd4 f5 17.Nxe6 fxe6 18.Bxe6 Be7 19.Bd5 Bxd5 20.Qxd5 Ra7 21.Qxf5 Kd8 22.Qg6 Qc5
23.Re5 Qc4 24.Rxd6+ Rd7 25.Rxd7+ Kxd7 26.Qf5+ Ke8 27.b3 Qd4 28.Qc8+ Qd8 29.Qxa6 Rf8
30.Qg6+ Rf7 31.Qg8+ Rf8 32.Qg5 Rf7 33.Qxh5 Qb6 34.Qh8+ Rf8 35.Qh5+ Rf7 36.Re1 Qf2
37.Qh8+ Rf8 38.Qe5 Rf7 39.Re4 Qxg2 40.Qh8+ Rf8 41.Qh5+ Rf7 42.Qh8+ Kd7 43.Qe5 Qf1+
44.Kd2 Qf2+ 45.Kc1 Qf1+ 46.Kb2 Bf6 47.Rd4+ Kc6 48.Rd6+ Kc7 49.Rxf6+  1-0

[Event "Independence Cup A"]
[Site "Kyiv UKR"]
[Date "2007.08.19"]
[Round "7"]
[White "Goncharov,O"]
[Black "Zakharchenko,A"]
[Result "1-0"]
[WhiteElo "2246"]
[BlackElo "2289"]

1.e4 c5 2.Nf3 Nc6 3.d4 cxd4 4.Nxd4 Nf6 5.Nc3 d6 6.Bg5 Qb6 7.Nb3 e6 8.Be3 Qc7
9.f3 Be7 10.Qd2 O-O 11.O-O-O a6 12.g4 b5 13.g5 Nd7 14.f4 Nb6 15.Qf2 Rb8 16.Kb1 Na4
17.Ne2 Bb7 18.Bg2 Rfc8 19.Ned4 Nxd4 20.Bxd4 Bf8 21.Rhe1 Ra8 22.Re2 Nc5 23.Nxc5 dxc5
24.Be5 Qe7 25.Red2 Bc6 26.Bd6 Qb7 27.Bxf8 Rxf8 28.Qxc5 Bxe4 29.Rd7 Qxd7 30.Rxd7 Bxg2
31.Rd2 Be4 32.Qe3 Bf5 33.Kc1 g6 34.Rd4 a5 35.c3 b4 36.c4 a4 37.c5 b3 38.axb3 axb3
39.Qxb3 Rfb8 40.Rb4 Ra1+ 41.Kd2 Rd8+ 42.Ke2 Rad1 43.Rb8  1-0

[Event "Open A"]
[Site "Polanica Zdroj POL"]
[Date "2007.08.19"]
[Round "3"]
[White "Zysko,J"]
[Black "Wcislo,D"]
[Result "1-0"]
[WhiteElo "2107"]
[BlackElo "2099"]

1.e4 c5 2.Nf3 Nc6 3.d4 cxd4 4.Nxd4 Nf6 5.Nc3 d6 6.Bg5 e6 7.Qd2 a6 8.O-O-O Bd7
9.f4 b5 10.Bxf6 gxf6 11.Kb1 b4 12.Nce2 Qb6 13.Nxc6 Bxc6 14.f5 e5 15.Ng3 h5
16.h4 Qc5 17.Qe2 Rc8 18.Nxh5 Ke7 19.g4 a5 20.Rh3 Rg8 21.Rg3 Bh6 22.g5 fxg5
23.f6+ Ke8 24.Ng7+ Bxg7 25.Rxg5 Bd7 26.fxg7 f6 27.Rg3 Kf7 28.Qg2 Rgd8 29.h5 Kg8
30.Rg6 d5 31.Rh6 Bg4 32.Qxg4 dxe4 33.Qe6+ Kxg7  1-0

[Event "Acropolis Open"]
[Site "Athens GRE"]
[Date "2007.08.21"]
[Round "8"]
[White "Melia,S"]
[Black "Dembo,Y"]
[Result "1/2-1/2"]
[WhiteElo "2372"]
[BlackElo "2464"]

1.e4 c5 2.Nf3 Nc6 3.d4 cxd4 4.Nxd4 Nf6 5.Nc3 d6 6.Bg5 e6 7.Qd2 a6 8.O-O-O h6
9.Be3 Qc7 10.f4 Be7 11.Be2 Bd7 12.Kb1 b5 13.Bf3 Rc8 14.Nb3 b4 15.Na4 Na5
16.Nb6 Nc4 17.Nxc4 Qxc4 18.e5 dxe5 19.fxe5 Nd5 20.Bxd5 exd5 21.Nd4 a5 22.g4 g6
23.Rdf1 a4 24.Rf4 Qa6 25.Rhf1 Be6 26.R4f2 Qc4 27.Rf4 Qa6 28.R4f2 Qc4  1/2-1/2

[Event "XIX Open"]
[Site "Porto San Giorgio ITA"]
[Date "2007.08.21"]
[Round "1"]
[White "Coscia,A"]
[Black "Tomescu,V"]
[Result "0-1"]
[WhiteElo "2035"]
[BlackElo "2407"]

1.e4 c5 2.Nf3 Nc6 3.d4 cxd4 4.Nxd4 Nf6 5.Nc3 d6 6.Bg5 e6 7.Be2 a6 8.a3 Be7
9.Be3 Bd7 10.Nb3 Na5 11.Nd2 Rc8 12.f4 b5 13.O-O O-O 14.Kh1 Bc6 15.Qe1 Bb7
16.Bf3 Nd7 17.Rd1 Re8 18.Qf2 Bh4 19.g3 Be7 20.h3 Qc7 21.Kh2 Red8 22.h4 Ba8
23.Be2 Rb8 24.f5 e5 25.Nb3 Nc4 26.Bc1 Nxa3 27.Bd3 Nc4 28.Nd5 Bxd5 29.exd5 Nf6
30.Nd2 Ng4+  0-1

[Event "X Open"]
[Site "Banyoles ESP"]
[Date "2007.08.22"]
[Round "7"]
[White "Op den Kelder,J"]
[Black "Fluvia Poyatos,J"]
[Result "1-0"]
[WhiteElo "2247"]
[BlackElo "2480"]

1.e4 c5 2.Nf3 Nc6 3.d4 cxd4 4.Nxd4 Nf6 5.Nc3 d6 6.Bg5 Bd7 7.Be2 Qa5 8.Bxf6 gxf6
9.O-O a6 10.Nf5 O-O-O 11.a3 Qe5 12.f4 Qc5+ 13.Kh1 e6 14.b4 Qxc3 15.Rf3 Qxf3
16.Bxf3 exf5 17.exf5 d5 18.Qxd5 Be6 19.Qe4 Bd5 20.Qe3 Bxf3 21.Qxf3 Bd6 22.g3 Bc7
23.Rd1 Bb6 24.c3 Rhe8 25.Rxd8+ Nxd8 26.c4 Bd4 27.Qd3 Ba1 28.b5 Kc7 29.h4 b6
30.Kg2 Bb2 31.a4 a5 32.c5 Nb7 33.Qb3 Re2+ 34.Kf3 Rd2 35.Qxf7+ Rd7 36.cxb6+ Kc8
37.Qc4+ Kb8 38.Qe6 Kc8 39.Qc6+ Kd8 40.h5 Bd4 41.g4 Nd6 42.Qa8+ Ke7 43.Qg8 Nf7
44.Qxh7 Kf8 45.Kg2 Be3 46.Kg3 Rd4 47.Qg6 Bxf4+ 48.Kf2 Bg5 49.b7 Rd8 50.h6 Nxh6
51.Qh7 Nf7 52.Qh2 Rd2+ 53.Ke1 Rxh2 54.b8=Q+ Ke7 55.Qxh2 Ne5 56.Qh7+ Kd6 57.Qa7 Nd7
58.Qxa5 Be3 59.Qc3 Bc5 60.a5 Ne5 61.Ke2 Nxg4 62.b6 Ne5 63.Qb3  1-0

[Event "ch-Euro IBCA"]
[Site "Durham ENG"]
[Date "2007.08.23"]
[Round "9"]
[White "Desanjose Candalija,E"]
[Black "Smirnov,SN"]
[Result "1/2-1/2"]
[WhiteElo "2271"]
[BlackElo "2201"]

1.e4 c5 2.Nf3 d6 3.d4 cxd4 4.Nxd4 Nf6 5.Nc3 Nc6 6.Bg5 e6 7.Qd2 Be7 8.O-O-O O-O
9.f4 Nxd4 10.Qxd4 Qa5 11.h4 e5 12.Qe3 exf4 13.Bxf4 Be6 14.Bxd6 Bxd6 15.Rxd6 Rfd8
16.Rxd8+ Rxd8 17.Be2 Bxa2 18.Qg5 b5 19.Qxb5 Qxb5 20.Bxb5 Be6 21.Rd1 Rb8 22.Rd4 g6
23.Be2 a5 24.Bf3 Nd7 25.Rd6 Nb6 26.b3 Kf8 27.Nd5 Nd7 28.Nc7 Ke7 29.Ra6 Rc8
30.Nxe6 fxe6 31.Rxa5 Kd6 32.Kd2 h6 33.c4 Ne5 34.Ke3 g5 35.hxg5 hxg5 36.Be2 Rb8
37.Bd1 Rc8 38.Rb5 Ra8 39.Be2 Ra3 40.Kd4 Nc6+ 41.Kc3 Ra2 42.Bf3 g4 43.Bxg4 Rxg2
44.c5+ Ke5 45.Rb6 Nd4 46.Bxe6 Nxe6 47.b4 Rg4 48.Kc4 Rxe4+ 49.Kb5 Nc7+ 50.Kc6  1/2-1/2

[Event "1st Serbian League Men"]
[Site "Zlatibor SRB"]
[Date "2007.08.23"]
[Round "3"]
[White "Djukic,Ni"]
[Black "Cabrilo,G"]
[Result "1-0"]
[WhiteElo "2531"]
[BlackElo "2496"]

1.e4 c5 2.Nf3 d6 3.d4 cxd4 4.Nxd4 Nf6 5.Nc3 Nc6 6.Bg5 e6 7.Qd2 h6 8.Bxf6 gxf6
9.O-O-O a6 10.f4 Bd7 11.Kb1 Be7 12.Be2 h5 13.h4 Qc7 14.Bf3 Nxd4 15.Qxd4 Rc8
16.Qd2 Qa5 17.f5 Rc5 18.Rhe1 Re5 19.Re3 b5 20.Rd3 b4 21.Ne2 exf5 22.Rd4 fxe4
23.Bxe4 b3 24.axb3 Qxd2 25.R1xd2 Rg8 26.Nf4 Rg4 27.Bf3 Rg3 28.Bxh5 Re1+ 29.Ka2 f5
30.Nd5 Bd8 31.Bf3 a5 32.R2d3 Kf8 33.Ne3 Be7 34.Rf4  1-0

[Event "LNA Copa Puma"]
[Site "Argentina ARG"]
[Date "2007.08.25"]
[Round "3"]
[White "Juarez,CE"]
[Black "Rissotti,L"]
[Result "1/2-1/2"]
[WhiteElo "2146"]
[BlackElo "2300"]

1.e4 c5 2.Nf3 d6 3.d4 cxd4 4.Nxd4 Nf6 5.Nc3 Nc6 6.Bg5 e6 7.Qd2 a6 8.O-O-O Bd7
9.f4 h6 10.Bxf6 Qxf6 11.Nf3 Qd8 12.g4 Be7 13.h4 Qa5 14.Kb1 O-O-O 15.Bg2 Qc5
16.Rhe1 Na5 17.g5 hxg5 18.hxg5 Nc4 19.Qd4 Qb4 20.b3 Na3+ 21.Kb2 Qxd4 22.Rxd4 Nb5
23.Nxb5 Bxb5 24.Rdd1 Bc6 25.Nd4 g6 26.Rh1 Rxh1 27.Rxh1 e5 28.Nxc6 bxc6 29.fxe5 dxe5
30.Rh7 Rf8 31.Bh3+ Kd8 32.Bf1 a5 33.Bc4 Ke8 34.c3 Bxg5 35.b4 axb4 36.cxb4 Be3
37.a4 Ke7 38.Kb3 Bd4 39.a5 Be3 40.Ka4 g5  1/2-1/2

[Event "LNA Copa Puma"]
[Site "Argentina ARG"]
[Date "2007.08.25"]
[Round "3"]
[White "Valerga,D"]
[Black "Alonso,S"]
[Result "1-0"]
[WhiteElo "2466"]
[BlackElo "2403"]

1.e4 c5 2.Nf3 Nc6 3.d4 cxd4 4.Nxd4 Nf6 5.Nc3 d6 6.Bg5 e6 7.Qd2 a6 8.O-O-O h6
9.Be3 Be7 10.f4 Bd7 11.h3 Rc8 12.Bd3 b5 13.Kb1 Qc7 14.g4 Nxd4 15.Bxd4 e5
16.Be3 b4 17.Ne2 a5 18.Ng3 Qb7 19.Qe2 Rc7 20.g5 hxg5 21.fxg5 Nh7 22.h4 a4
23.Nf5 g6 24.Nxe7 Kxe7 25.h5 Nf8 26.Qf2 Rxh5 27.Qf6+ Ke8 28.Qxd6 Rc6 29.Qxe5+ Re6
30.Qd4 b3 31.cxb3 axb3 32.axb3 Re7 33.Bc2 Ne6 34.Rxh5  1-0

[Event "1st Serbian League Men"]
[Site "Zlatibor SRB"]
[Date "2007.08.25"]
[Round "5"]
[White "Zlatic,M"]
[Black "Todorovic,J"]
[Result "1-0"]
[WhiteElo "2450"]
[BlackElo "2409"]

1.e4 c5 2.Nf3 d6 3.d4 cxd4 4.Nxd4 Nf6 5.Nc3 Nc6 6.Bg5 e6 7.Qd2 Be7 8.O-O-O Nxd4
9.Qxd4 O-O 10.e5 dxe5 11.Qxe5 Qb6 12.Be2 Nd7 13.Qg3 Bxg5+ 14.Qxg5 Nc5 15.Qe7 Bd7
16.Rxd7 Nxd7 17.Qxd7 Qxf2 18.Qxb7 Qe3+ 19.Kb1 Rac8 20.Bd3 g6 21.Rf1 Qe5 22.Qf3 Qxh2
23.Qf6 Rc5 24.g4 Qe5 25.Ne4 Qxf6 26.Nxf6+ Kg7 27.Nd7 Rg5 28.Nxf8 Kxf8 29.c4 Rxg4
30.c5 Ke7 31.c6 Kd6 32.Be2 Rg2 33.Rxf7 Rg1+ 34.Kc2 Kxc6 35.Rxh7 a5 36.Ra7 Rg5
37.Ra6+ Kd7 38.Rb6 Re5 39.Kd2 Rd5+ 40.Ke3 Re5+ 41.Kf3 Rf5+ 42.Ke4 g5 43.Rxe6 Rf2
44.Kd5 Kc7 45.Rc6+ Kb7 46.Rc2 Kb6 47.Bd3 Rf3 48.Be4 Rg3 49.Rg2 Rxg2 50.Bxg2 Kb5
51.Kd4 Kb4 52.Bh3 Ka4 53.Kc4 g4 54.Bg2  1-0

[Event "1st Serbian League Men"]
[Site "Zlatibor SRB"]
[Date "2007.08.25"]
[Round "5"]
[White "Zlatic,M"]
[Black "Todorovic,J"]
[Result "1-0"]
[WhiteElo "2450"]
[BlackElo "2409"]

1.e4 c5 2.Nf3 d6 3.d4 cxd4 4.Nxd4 Nf6 5.Nc3 Nc6 6.Bg5 e6 7.Qd2 Be7 8.O-O-O Nxd4
9.Qxd4 O-O 10.e5 dxe5 11.Qxe5 Qb6 12.Be2 Nd7 13.Qg3 Bxg5+ 14.Qxg5 Nc5 15.Qe7 Bd7
16.Rxd7 Nxd7 17.Qxd7 Qxf2 18.Qxb7 Qe3+ 19.Kb1 Rac8 20.Bd3 g6 21.Rf1 Qe5 22.Qf3 Qxh2
23.Qf6 Rc5 24.g4 Qe5 25.Ne4 Qxf6 26.Nxf6+ Kg7 27.Nd7 Rg5 28.Nxf8 Kxf8 29.c4 Rxg4
30.c5 Ke7 31.c6 Kd6 32.Be2 Rg2 33.Rxf7 Rg1+ 34.Kc2 Kxc6 35.Rxh7 a5 36.Re7 Rg5
37.Rxe6+ Kd7 38.Rb6 Re5 39.Kd2 Rd5+ 40.Ke3 Re5+ 41.Kf3 Rf5+ 42.Ke4  1-0

[Event "Open A"]
[Site "Polanica Zdroj POL"]
[Date "2007.08.26"]
[Round "10"]
[White "Szumilas,Pa"]
[Black "Fistek,D"]
[Result "1/2-1/2"]
[WhiteElo "2127"]
[BlackElo "2167"]

1.e4 c5 2.Nf3 d6 3.d4 cxd4 4.Nxd4 Nf6 5.Nc3 Nc6 6.Bg5 e6 7.Qd2 a6 8.O-O-O Bd7
9.f3 h6 10.Be3 b5 11.Nxc6 Bxc6 12.Ne2 Be7 13.Nd4 Bb7 14.Kb1 Qc7 15.Bxb5+ axb5
16.Nxb5 Qc4 17.Nxd6+ Bxd6 18.Qxd6 Qxa2+ 19.Kc1 Qa1+ 20.Kd2 Qa5+ 21.Kc1 Rd8
22.Qxd8+ Qxd8 23.Rxd8+ Kxd8 24.c4 Nd7 25.Kc2 Ke7 26.b3 Ra8 27.Kb2 f5 28.exf5 exf5
29.Re1 Kf7 30.Bd4 g5 31.h3 h5 32.b4 f4 33.Re2 Rg8 34.Kc3 g4 35.fxg4 hxg4
36.Rf2 Ke6 37.Rxf4 g3 38.Rg4 Rxg4 39.hxg4 Bxg2 40.b5 Be4 41.Kb4 g2 42.c5 Ne5
43.Ka5 Kd5 44.Bg1 Ke6  1/2-1/2

[Event "1st Serbian League Men"]
[Site "Zlatibor SRB"]
[Date "2007.08.26"]
[Round "6"]
[White "Krstic,P"]
[Black "Drazic,S"]
[Result "0-1"]
[WhiteElo "2327"]
[BlackElo "2480"]

1.e4 c5 2.Nf3 d6 3.d4 Nf6 4.Nc3 cxd4 5.Nxd4 Nc6 6.Bg5 g6 7.Bxf6 exf6 8.Bc4 a6
9.Qd2 Bg7 10.O-O-O Na5 11.Be2 O-O 12.Kb1 Re8 13.g4 b5 14.f3 Bb7 15.Nb3 Nc4
16.Bxc4 bxc4 17.Nd4 d5 18.Nxd5 Bxd5 19.exd5 Qxd5 20.c3 Rab8 21.Rhe1 f5 22.gxf5 Bxd4
23.Qxd4 Qxf5+ 24.Kc1 Qxf3 25.Rxe8+ Rxe8 26.Qxc4 a5 27.Qd5 Qf4+ 28.Qd2 Qe4
29.Qd5 Qf4+ 30.Qd2 Qf5 31.Qd7 Re6 32.Qd3 Re4 33.Qd5 Qf4+ 34.Qd2 Re3 35.Qd8+ Re8+
36.Qd2 Qf5 37.Qd7 Re6 38.Qd3 Re4 39.Qd5 Re5 40.Qd3 Qf4+ 41.Qd2 Qf5 42.Qd3 Qe6
43.Qd6 Qf5 44.Qd3 Qh5 45.Qd8+ Kg7 46.Rf1 Qh6+ 47.Kb1 g5 48.a4 Qa6 49.Rg1 Qg6+
50.Ka2 h6 51.Qd4 Qe6+ 52.Ka3 Qe7+ 53.Ka2 f6 54.Rd1 h5 55.Qd7 g4 56.b4 Kg6
57.Qxe7 Rxe7 58.b5 Rc7 59.b6 Rb7 60.Rb1 Kf7 61.c4 Ke6 62.c5 Kd5 63.Rf1 Kxc5
64.Rxf6 Rxb6 65.Rf5+ Kb4 66.Rxh5 Rf6 67.Rh4 Rf4 68.Kb2 Kxa4 69.Rh8 Kb4 70.Rb8+ Kc4
71.Rh8 Kd3 72.h3 g3 73.Rg8 Rf2+ 74.Kb3 g2 75.h4 Ke2  0-1

[Event "1st Serbian League Men"]
[Site "Zlatibor SRB"]
[Date "2007.08.26"]
[Round "6"]
[White "Nevednichy,V"]
[Black "Arsovic,Z"]
[Result "1/2-1/2"]
[WhiteElo "2523"]
[BlackElo "2451"]

1.e4 c5 2.Nf3 d6 3.d4 cxd4 4.Nxd4 Nf6 5.Nc3 Nc6 6.Bg5 e6 7.Bb5 Qb6 8.Be3 Qc7
9.O-O a6 10.Bd3 Be7 11.a4 O-O 12.Kh1 Nb4 13.f4 b6 14.Qf3 Bb7 15.Qg3 Kh8 16.Rae1 Nd7
17.f5 e5 18.Nde2 Nf6 19.Bg5 Nh5 20.Qh4 Bxg5 21.Qxg5 Nf6 22.Ng3 h6 23.Qh4 Rad8
24.Nh5  1/2-1/2

[Event "15th Open"]
[Site "Nikea GRE"]
[Date "2007.08.27"]
[Round "6"]
[White "Westerinen,H"]
[Black "Kozhuharov,S"]
[Result "0-1"]
[WhiteElo "2385"]
[BlackElo "2477"]

1.e4 c5 2.Nf3 d6 3.d4 Nf6 4.Nc3 cxd4 5.Nxd4 Nc6 6.Bg5 e6 7.Qd2 a6 8.O-O-O Bd7
9.f4 b5 10.Bxf6 gxf6 11.Kb1 Qb6 12.Nxc6 Bxc6 13.Qe1 Ra7 14.Bd3 b4 15.Ne2 a5
16.f5 Qc5 17.Nf4 Bh6 18.Nh5 Ke7 19.Rf1 e5 20.g4 Rg8 21.h3 a4 22.c4 bxc3 23.Qxc3 Qxc3
24.bxc3 Rb8+ 25.Ka1 Rab7 26.Bb1 Be3 27.Nxf6 Rxb1+ 28.Rxb1 Rxb1+ 29.Rxb1 Kxf6
30.Rd1 Bc5 31.Re1 Kg5 32.Kb2 Kf4 33.Rf1+ Kg3 34.Re1 Kf2  0-1

[Event "27th Open"]
[Site "Bratto ITA"]
[Date "2007.08.28"]
[Round "6"]
[White "Hoffmann,Mi1"]
[Black "Martinez,Ro"]
[Result "0-1"]
[WhiteElo "2481"]
[BlackElo "2430"]

1.e4 c5 2.Nf3 Nc6 3.d4 cxd4 4.Nxd4 Nf6 5.Nc3 d6 6.Bg5 e6 7.Qd2 a6 8.O-O-O Bd7
9.f3 Be7 10.Kb1 Rc8 11.Nxc6 Bxc6 12.Bd3 b5 13.h4 O-O 14.Ne2 a5 15.Nd4 b4
16.g4 Nd7 17.Be3 Nc5 18.h5 Ba4 19.Rc1 Bd7 20.f4 a4 21.g5 a3 22.b3 Qa5 23.g6 Nxd3
24.gxh7+ Kh8 25.cxd3 Bf6 26.h6 g6 27.Ne2 Kxh7 28.Bd4 e5 29.fxe5 Bxe5 30.Rhf1 Be6
31.Bxe5 Qxe5 32.Nf4 Rxc1+ 33.Rxc1 g5 34.Ne2 Rc8 35.Rf1 Ra8 36.Nc1 g4 37.Re1 g3
38.d4 Qf6 39.Qxb4 g2 40.Qd2 Rg8 41.Rg1 Qf1 42.Qe3 Rg4 43.d5 Bd7 44.Qa7 Bb5
45.Qd4 Bd3+ 46.Qxd3 Qxg1 47.e5+ Kh8  0-1

[Event "15th Open"]
[Site "Nikea GRE"]
[Date "2007.08.28"]
[Round "7"]
[White "Karaoulanis,D"]
[Black "Petraki,M"]
[Result "0-1"]
[WhiteElo "1872"]
[BlackElo "2069"]

1.e4 c5 2.Nf3 d6 3.d4 cxd4 4.Nxd4 Nf6 5.Nc3 Nc6 6.Bg5 e6 7.Qd2 a6 8.O-O-O Bd7
9.f4 Qc7 10.Be2 Be7 11.g4 h6 12.Bxf6 gxf6 13.h4 O-O-O 14.Nb3 Kb8 15.Kb1 Rc8
16.Nc5 dxc5 17.Qxd7 Qxf4 18.Rdf1 Qe5 19.Qd2 Rcd8 20.Qf4 Qxf4 21.Rxf4 Ne5
22.Kc1 Rd4 23.Bd1 Rg8 24.Ne2 Rc4 25.Nc3 b5 26.Be2 Rd4 27.Rd1 Ng6 28.Rf2 Nxh4
29.Rh2 Ng6 30.Rxh6 Ne5 31.Rh2 Rgd8 32.Rxd4 Rxd4 33.Rh8+ Kb7 34.Re8 Bd6 35.Bxb5 Nxg4
36.Be2 Ne5 37.Rh8 Nc6 38.Bf3 Bf4+ 39.Kb1 Ne5 40.Bh1 Kc7 41.b3 Rd2 42.Rh3 Rf2
43.Kb2 Nc6 44.Rf3 Rxf3 45.Bxf3 Be5 46.Be2 a5 47.Bd3 Bd4 48.Be2 Kd6 49.Bd3 Ke5
50.Bf1 Kf4 51.Bb5 Ne5  0-1

[Event "ch-ISL"]
[Site "Reykjavik ISL"]
[Date "2007.08.28"]
[Round "1"]
[White "Ptacnikova,L"]
[Black "Thorhallsson,T"]
[Result "0-1"]
[WhiteElo "2239"]
[BlackElo "2461"]

1.e4 c5 2.Nf3 d6 3.d4 cxd4 4.Nxd4 Nf6 5.Nc3 Nc6 6.Bg5 e6 7.Qd2 a6 8.O-O-O Bd7
9.f4 h6 10.Bxf6 Qxf6 11.Qe3 Qd8 12.e5 Nxd4 13.Qxd4 d5 14.Bd3 Rc8 15.Qf2 Qa5
16.Nb1 Qxa2 17.f5 Be7 18.h4 exf5 19.Bxf5 Bxf5 20.Qxf5 O-O 21.Rh3 Rc6 22.Qd7 Rfc8
23.c3 R6c7 24.Qxd5 Qa4 25.Rd4 Qe8 26.e6 Bf6 27.exf7+ Qxf7 28.Qxf7+ Kxf7 29.Re4 Rd7
30.Nd2 b5 31.Nf3 Rc5 32.Rh1 a5 33.Rd1 Re7 34.Rxe7+ Kxe7 35.Kd2 Rc4 36.Ke3 b4
37.cxb4 Rxb4 38.Rd5 a4 39.g4 Bxb2 40.g5 hxg5 41.hxg5 Rg4 42.Ra5 a3 43.Kd3 Ke6
44.Nd2 Rd4+ 45.Ke3 Rd5 46.Ra6+ Rd6  0-1

[Event "15th Open"]
[Site "Nikea GRE"]
[Date "2007.08.29"]
[Round "8"]
[White "Dimopoulos,N"]
[Black "Tassopoulos,M"]
[Result "0-1"]
[WhiteElo "1997"]
[BlackElo "2215"]

1.e4 c5 2.Nf3 d6 3.d4 cxd4 4.Nxd4 Nf6 5.Nc3 Nc6 6.Bg5 Bd7 7.Be2 Qa5 8.Bxf6 gxf6
9.Qd2 Nxd4 10.Qxd4 Rc8 11.f4 Qc5 12.O-O-O Qxd4 13.Rxd4 f5 14.exf5 Bxf5 15.Bd3 Bxd3
16.Rxd3 Bh6 17.g3 Bg7 18.Kd2 Rc6 19.Nd5 e6 20.Re1 Kd7 21.Ne3 b5 22.c3 h5
23.Nc2 Rhc8 24.Nd4 Rc5 25.a3 a6 26.Ke2 Rd5 27.Red1 Rc4 28.Nc2 Rxd3 29.Kxd3 d5
30.Ne3 Rc8 31.h3 Bh6 32.f5 Rg8 33.Rg1 Bxe3 34.fxe6+ fxe6 35.Kxe3 e5 36.g4 Ke6
37.Rg2 Rg6 38.Kf3 hxg4+ 39.hxg4 Rf6+ 40.Ke3 Rh6 41.g5 Rg6 42.a4 bxa4 43.Rg4 a3
44.bxa3 Kf5 45.Ra4 Rc6 46.Kd3 Kxg5 47.Ra5 Kf4 48.Rxd5 e4+ 49.Kd2 Rb6 50.c4 e3+
51.Ke1 Kf3 52.Rf5+ Ke4 53.Rd5 Rb3 54.Ra5 Kd3 55.Rd5+ Kxc4 56.Ra5 Kd3 57.Rd5+ Kc4
58.Ra5 Rb6 59.Re5 Kd4 60.Ra5 Re6 61.a4 Kc4 62.Rh5 Kb4 63.Rh4+ Ka5 64.Ke2 Kb6
65.Rb4+ Kc5 66.Rh4 a5 67.Rh5+ Kb4 68.Rh4+ Kb3 69.Rg4 Ka3 70.Rh4 Kb3 71.Rg4 Kc3
72.Rh4 Rb6 73.Rh5 Kb4 74.Rh4+ Kb3 75.Kxe3 Rb4 76.Rh5 Rxa4 77.Kd3 Ra3 78.Rb5+ Ka4+
79.Kc4 Ra1 80.Rb8 Rc1+ 81.Kd3 Ka3 82.Rb7 a4 83.Kd2 Rc4 84.Rb8 Ka2 85.Kd3 Rc1
86.Kd2 Rb1 87.Ra8 a3 88.Kc2 Rb2+ 89.Kc1 Rb6 90.Ra7 Rc6+ 91.Kd2 Kb2 92.Rb7+ Ka1
93.Rb8 Rc5 94.Rb7 Rh5 95.Rb8 Rh2+ 96.Kc1 Ka2 97.Rb7 Rb2 98.Ra7 Rb5 99.Kc2 Rc5+
100.Kd1 Rc4 101.Rb7 Rc3 102.Ra7 Kb2 103.Kd2 Rb3  0-1

[Event "ch-ISL"]
[Site "Reykjavik ISL"]
[Date "2007.08.29"]
[Round "2"]
[White "Gunnarsson,J"]
[Black "Stefansson,H"]
[Result "1/2-1/2"]
[WhiteElo "2427"]
[BlackElo "2568"]

1.e4 c5 2.Nf3 d6 3.d4 cxd4 4.Nxd4 Nf6 5.Nc3 Nc6 6.Bg5 e6 7.Qd2 Be7 8.O-O-O Qb6
9.Nb3 O-O 10.f3 Rd8 11.Nb5 Rd7 12.Be3 Qd8 13.N5d4 a5 14.a4 e5 15.Nf5 d5 16.Nxe7+ Qxe7
17.Bc5 Qe8 18.exd5 Rxd5 19.Bd3 b6 20.Ba3 Bf5 21.Qe3 Bxd3 22.Rxd3 Rxd3 23.Qxd3 Na7
24.Qe3 b5 25.Nxa5 bxa4 26.Re1 e4 27.fxe4 Nb5 28.Bb4 Rc8  1/2-1/2

[Event "15th Open"]
[Site "Nikea GRE"]
[Date "2007.08.30"]
[Round "9"]
[White "Kaforos,D"]
[Black "Galanos,D"]
[Result "1-0"]
[WhiteElo "2006"]
[BlackElo "2159"]

1.e4 c5 2.Nf3 Nc6 3.d4 cxd4 4.Nxd4 Nf6 5.Nc3 d6 6.Bg5 e6 7.Qd2 Be7 8.O-O-O Nxd4
9.Qxd4 O-O 10.Be2 Nxe4 11.Nxe4 Bxg5+ 12.Nxg5 Qxg5+ 13.f4 Qa5 14.Kb1 Rd8 15.Rd3 e5
16.Qe4 Be6 17.b3 exf4 18.Qxf4 Qe5 19.Qf2 Bf5 20.Rf3 Bg6 21.Bc4 d5 22.Re1 Qc7
23.Bd3 Bxd3 24.Rxd3 Rac8 25.Red1 Qxh2 26.Rxd5 Rxd5 27.Rxd5 Qc7 28.Qd2 g6
29.Rd7 Qc6 30.g4 a6 31.g5 Re8 32.Kb2 b5 33.Rd6 Qb7 34.Qd4 Qe7 35.Rxa6 Qe5
36.Qxe5 Rxe5 37.Ra5 Rxg5 38.a4 Kf8 39.axb5 h5 40.c4 Ke7 41.Ra7+ Kd6 42.Rxf7 h4
43.b6 Rh5 44.b7 Rh8 45.Rh7 Rb8 46.Rh6 Kc7 47.Rxh4 Rg8 48.Rh7+ Kb8 49.Kc2 g5
50.Kd2 g4 51.Ke2 g3 52.Kf1 g2+ 53.Kg1 Rg3 54.c5 Rc3 55.b4 Rc2 56.Rg7 Ka7
57.Rxg2 Rc1+ 58.Kh2 Kxb7 59.Rg6 Kc7 60.Kh3 Rc4 61.Rb6 Rf4 62.Kg3 Rf1 63.Kg4 Rf2
64.Re6 Rb2 65.Re4 Kc6 66.Kf3 Rh2 67.Re6+ Kc7 68.Ke3 Rb2 69.Rb6 Rc2 70.Kd4 Rh2
71.Kc4 Rh4+ 72.Kb5 Rh5 73.Rg6 Rf5 74.Rg7+ Kc8 75.Kb6 Rf8 76.c6 Kb8 77.b5 Rh8
78.Rd7 Ka8 79.Ra7+  1-0

[Event "ch-ISL"]
[Site "Reykjavik ISL"]
[Date "2007.08.30"]
[Round "3"]
[White "Bergsson,Sn"]
[Black "Gretarsson,Hj"]
[Result "1/2-1/2"]
[WhiteElo "2301"]
[BlackElo "2168"]

1.e4 c5 2.Nf3 Nc6 3.d4 cxd4 4.Nxd4 Nf6 5.Nc3 d6 6.Bg5 Qb6 7.Nb3 e6 8.Bf4 e5
9.Be3 Qc7 10.Be2 a6 11.O-O Be7 12.Nd5 Nxd5 13.exd5 Nb8 14.Qd2 O-O 15.a4 f5
16.f4 Nd7 17.Na5 Nc5 18.Nc4 exf4 19.Bxf4 Ne4 20.Qb4 Bd7 21.Be3 Rae8 22.Bb6 Qb8
23.Bf3 Ng5 24.Rae1 Nf7 25.Re2 Bd8 26.Rfe1 Rxe2 27.Rxe2 Bxb6+ 28.Nxb6 Qd8
29.b3 Re8 30.Rxe8+ Bxe8 31.a5 Qf6 32.Qd2 Qg5 33.Qb4 Qf6 34.Qd2  1/2-1/2

[Event "129th ch-New York State"]
[Site "New York USA"]
[Date "2007.09.01"]
[Round "1"]
[White "Stenzel,H"]
[Black "Dougherty,M"]
[Result "0-1"]
[WhiteElo "2106"]
[BlackElo "2211"]

1.e4 c5 2.Nf3 Nc6 3.d4 cxd4 4.Nxd4 Nf6 5.Nc3 d6 6.Bg5 Qb6 7.Bxf6 gxf6 8.Nxc6 bxc6
9.Qd2 f5 10.Be2 Bg7 11.Rb1 fxe4 12.Nxe4 Bf5 13.Ng3 Bg6 14.O-O h5 15.Bd3 h4
16.Nf5 Be5 17.h3 Rh5 18.Ne3 Qd4 19.Qe2 Qf4 20.Ng4 Bxd3 21.Qxd3 Rb8 22.Qa6 Kf8
23.Nxe5 Rxe5 24.Qxa7 Reb5 25.b3 R8b7 26.Qa3 Rg5 27.Qc1 Qf5 28.Qe3 Rb5 29.Rbe1 e6
30.c4 Ra5 31.a4 Qg6 32.Qe4 Raf5 33.Qxc6 d5 34.cxd5 Rxg2+ 35.Kh1 Rf3 36.Re3 Rgxf2
37.Qc5+ Kg8 38.Rg1 Qxg1+ 39.Kxg1 Rf1+ 40.Kg2 R3f2+  0-1

[Event "4th LGA Premium Cup"]
[Site "Nuernberg GER"]
[Date "2007.09.07"]
[Round "2"]
[White "Baramidze,D"]
[Black "Eppinger,G"]
[Result "1-0"]
[WhiteElo "2569"]
[BlackElo "2261"]

1.e4 c5 2.Nf3 Nc6 3.d4 cxd4 4.Nxd4 Nf6 5.Nc3 d6 6.Bg5 e6 7.Qd2 a6 8.O-O-O h6
9.Nxc6 bxc6 10.Bf4 d5 11.Qe3 Be7 12.Be2 Nd7 13.h4 e5 14.Bxe5 Nxe5 15.exd5 Qd6
16.Ne4 Qb4 17.a3 Qb7 18.d6 O-O 19.Nc5 Qa7 20.dxe7 Qxe7 21.f4 Ng6 22.Qxe7 Nxe7
23.g4 Ra7 24.Rd6 h5 25.gxh5 Nf5 26.Rd2 Re8 27.Bf3 Rc7 28.b4 Re3 29.Be4 g6
30.hxg6 Ng3 31.Rd8+ Kg7 32.gxf7 Kxf7 33.Rh8 Re7 34.Rh2 Bg4 35.Rh7+ Kf8 36.Rxe7 Kxe7
37.Bxc6 Rxa3 38.Nb3 Kd6 39.Kb2 Rxb3+ 40.cxb3  1-0

[Event "4th LGA Premium Cup"]
[Site "Nuernberg GER"]
[Date "2007.09.07"]
[Round "3"]
[White "Koepke,C"]
[Black "Rau,H"]
[Result "0-1"]
[WhiteElo "2295"]
[BlackElo "2412"]

1.e4 c5 2.Nf3 Nc6 3.d4 cxd4 4.Nxd4 Nf6 5.Nc3 d6 6.Bg5 e6 7.Qd2 a6 8.O-O-O Bd7
9.f3 h6 10.Be3 b5 11.Kb1 Qc7 12.Nxc6 Bxc6 13.h4 Be7 14.Rh3 b4 15.Ne2 d5 16.e5 Nd7
17.f4 Bb5 18.Nd4 Bxf1 19.Rxf1 Nc5 20.Qd1 O-O 21.f5 f6 22.fxe6 fxe5 23.Nf5 Kh7
24.Rhf3 d4 25.Bxh6 Nxe6 26.Nxg7 Nxg7 27.Bxg7 Kxg7 28.Rg3+ Kh6 29.Re1 Rg8
30.Qd2+ Kh7 31.Rf3 Raf8 32.Qd3+ Kh8 33.Ref1 Qc6 34.Rf7 Rxf7 35.Rxf7 Rg7 36.Rf5 Qxg2
37.Rh5+ Kg8 38.Qc4+ Rf7 39.Qc8+ Bf8 40.b3 Qf1+ 41.Kb2 Qf3 42.Rg5+ Rg7 43.Qe6+ Kh7
44.Qxe5 Rxg5 45.Qxg5 Bg7 46.a3 d3+ 47.Ka2 dxc2 48.h5 Qf6  0-1

[Event "4th LGA Premium Cup"]
[Site "Nuernberg GER"]
[Date "2007.09.08"]
[Round "5"]
[White "Milov,L"]
[Black "Hirneise,T"]
[Result "1/2-1/2"]
[WhiteElo "2470"]
[BlackElo "2293"]

1.e4 c5 2.Nf3 d6 3.d4 cxd4 4.Nxd4 Nf6 5.Nc3 Nc6 6.Bg5 e6 7.Bb5 Bd7 8.Bxc6 bxc6
9.Qf3 h6 10.Bh4 e5 11.Nf5 Bxf5 12.Qxf5 Qd7 13.Qxd7+ Nxd7 14.f3 Be7 15.Bf2 Bd8
16.O-O-O Ke7 17.Rhf1 Bb6 18.Bh4+ f6 19.b3 Rhd8 20.Kb1 Nc5 21.Be1 Ne6 22.g3 Rd7
23.f4 Be3 24.f5 Nc7 25.Na4 d5 26.Bb4+ Ke8 27.Bc5 Bxc5 28.Nxc5 Rdd8 29.Kb2 Rab8
30.a4 Ke7 31.Rfe1 Kd6 32.Nd3 Na6 33.Kc3 Nc5 34.Nxc5 Kxc5 35.Rd3 d4+ 36.Kd2 Kd6
37.g4 c5 38.h4 Rdc8 39.g5 hxg5 40.hxg5 c4 41.bxc4 Rxc4 42.Rh3 Rbc8 43.Rc1 fxg5
44.Rg3 Rh8 45.Rcg1 Rh4 46.Rg4 Rxa4 47.Rxh4 gxh4 48.Rh1 Ra3 49.Rxh4 Rg3 50.Rh8 Re3
51.Rg8 Rxe4 52.Rxg7 Rf4 53.Rxa7 Rxf5 54.c3 dxc3+ 55.Kxc3 Rf3+ 56.Kd2 Kd5
57.Ra5+ Ke6 58.Ra6+ Kf5 59.Ke2  1/2-1/2